Sobre la fosfaturia como neurosis secretora del riñón / (Record no. 154624)

MARC details
000 -LEADER
campo de control de longitud fija 00826nam a22001935i 4500
001 - NÚMERO DE CONTROL
campo de control 154624
003 - IDENTIFICADOR DE NÚMERO DE CONTROL
campo de control ES-MaACL
005 - FECHA Y HORA DE LA ÚLTIMA TRANSACCIÓN
campo de control 20230906205811.0
008 - DATOS DE LONGITUD FIJA--INFORMACIÓN GENERAL
campo de control de longitud fija 040714s1900 sp |||| | spa d
040 ## - FUENTE DE CATALOGACIÓN
Centro catalogador/agencia de origen CAM
Lengua de catalogación spa
Centro/agencia transcriptor CAM
100 1# - ENTRADA PRINCIPAL--NOMBRE DE PERSONA
Nombre de persona González Tánago y García, Manuel.
9 (RLIN) 58978
245 10 - MENCIÓN DEL TÍTULO
Título Sobre la fosfaturia como neurosis secretora del riñón /
Mención de responsabilidad, etc. por M. González Tánago y García.
260 ## - PUBLICACIÓN, DISTRIBUCIÓN, ETC.
Lugar de publicación, distribución, etc. Madrid :
Nombre del editor, distribuidor, etc. [s.n.],
Fecha de publicación, distribución, etc. 1900 (
Fabricante Establecimiento tipográfico de E. Teodoro)
300 ## - DESCRIPCIÓN FÍSICA
Extensión 27 p. ;
Dimensiones 21 cm.
595 ## -
-- Extraído de El Siglo Médico.
650 04 - PUNTO DE ACCESO ADICIONAL DE MATERIA--TÉRMINO DE MATERIA
Término de materia o nombre geográfico como elemento de entrada Riñones-
Subdivisión general Enfermedades.
9 (RLIN) 16914
852 ## - LOCALIZACIÓN
Ubicación ES-MaACL
Número de control de estantería T-150 bis-F-1
Nota libre -- Enc. hol., conservando la cub. original
-- -- Enc. en un vol. facticio
852 ## - LOCALIZACIÓN
Ubicación ES-MaACL
Número de control de estantería T-1006-F-9
Nota libre -- Enc. hol., conservando la cub. original
-- -- Enc. en un vol. facticio
Holdings
Estatus retirado Estado de pérdida Estado de daño No para préstamo Colección Biblioteca de origen Biblioteca actual Ubicación en estantería Fecha de adquisición Total de préstamos Signatura topográfica completa Código de barras Visto por última vez Precio de reemplazo Tipo de ítem Koha
        Colección de folletos Biblioteca del Ateneo de Madrid Biblioteca del Ateneo de Madrid Depósito folletos 17/01/2008   T-1006-F-9 1161723 23/02/2023 23/02/2023 Folleto
        Colección de folletos Biblioteca del Ateneo de Madrid Biblioteca del Ateneo de Madrid Depósito folletos 17/01/2008   T-150 bis-F-1 1161722 23/02/2023 23/02/2023 Folleto